000 00321nam a22001337a 4500
020 _a978-81-7229-250-8
082 _a920
_bMAH/E
100 _aMAHATHMA GANDHI
245 _aENTE JEEVITHA KATHA
246 _aENTE JEEVITHA KATHA
_bENTE JEEVITHA KATHA
260 _aAHMEDABAD
_bNAVAJIVAN
_c2012
300 _a114
942 _cBK
999 _c8532
_d8532